The use of CRM strategies and its performance measurement systems
| Main Author: | |
|---|---|
| Other Authors: | |
| Format: | Thesis |
| Kulcsszavak: | CRM Menedzsment Fogyasztói magatartás |
| Online Access: | http://dolgozattar.uni-bge.hu/4692 |
MARC
| LEADER | 00000nta a2200000 i 4500 | ||
|---|---|---|---|
| 001 | dolg4692 | ||
| 005 | 20160929113130.0 | ||
| 008 | 151214suuuu hu om 000 eng d | ||
| 040 | |a BGE Dolgozattár Repozitórium |b hun | ||
| 041 | |a en | ||
| 100 | 1 | |a Csipő Koppány | |
| 245 | 1 | 4 | |a The use of CRM strategies and its performance measurement systems |c Csipő Koppány |h [elektronikus dokumentum] |
| 695 | |a CRM | ||
| 695 | |a Menedzsment | ||
| 695 | |a Fogyasztói magatartás | ||
| 700 | 1 | |a Szászvári Dr Karina Ágnes |e ths | |
| 856 | 4 | 0 | |u http://dolgozattar.uni-bge.hu/4692/1/CSK_DISSERTATION_FINAL.docx |z Dokumentum-elérés |